000 00577nam a22001577a 4500
082 _a621.3
100 _aKhan, Muhammad Bilal ; Ahmed, Sahel ; Khan, Ahtzaz Ahmed
245 _aBusiness Cycle
_cMuhammad Bilal Khan ; Sahel Ahmed ; Ahtzaz Ahmed Khan
260 _aIslamabad :
_bSEECS - NUST,
_c2009.
300 _aVar. p. ;
_c30cm.
650 _aElectrical Engineering-Project Report
_930780
700 _aMuhammad Yousaf
_915771
856 _uhttp://10.250.8.41:8080/xmlui/handle/123456789/29522
942 _2ddc
_cPR
999 _c536205
_d536205